A. WESLEY POWELL LEARNING RESOURCE CENTRE (WPLRC)

Wonderful Place to Learn, Research & Collaborate

The Blessington Method and Other Strange Tales (Record no. 13945)

MARC details
000 -LEADER
fixed length control field nam a22 4500
003 - CONTROL NUMBER IDENTIFIER
control field 000
005 - DATE AND TIME OF LATEST TRANSACTION
control field 20190808135138.0
008 - FIXED-LENGTH DATA ELEMENTS--GENERAL INFORMATION
fixed length control field 0000
020 ## - INTERNATIONAL STANDARD BOOK NUMBER
International Standard Book Number 0000
040 ## - CATALOGING SOURCE
Transcribing agency 0000
082 ## - DEWEY DECIMAL CLASSIFICATION NUMBER
Classification number CS
245 ## - TITLE STATEMENT
Title The Blessington Method and Other Strange Tales
Statement of responsibility, etc. Ellin, Stanley
260 ## - PUBLICATION, DISTRIBUTION, ETC. (IMPRINT)
Place of publication, distribution, etc. New York
Name of publisher, distributor, etc. The New American Library
Date of publication, distribution, etc. 1966
300 ## - PHYSICAL DESCRIPTION
Extent 18cm
942 ## - ADDED ENTRY ELEMENTS (KOHA)
Source of classification or shelving scheme Dewey Decimal Classification
Koha item type Circ Books
Holdings
Withdrawn status Lost status Source of classification or shelving scheme Damaged status Not for loan Home library Current library Date acquired Total Checkouts Full call number Date last seen Price effective from Koha item type
    Dewey Decimal Classification     Wesley Powell Learning Resource Centre Wesley Powell Learning Resource Centre 08/08/2019   CS 08/08/2019 08/08/2019 Circ Books